| 000 | 00981nam a2200265Ia 4500 | ||
|---|---|---|---|
| 003 | OSt | ||
| 005 | 20221005104734.0 | ||
| 006 | a|||||r|||| 00| 0 | ||
| 007 | ta | ||
| 008 | 221004b |||||||| |||| 00| 0 hin d | ||
| 020 | _c200 | ||
| 024 | _a8803 | ||
| 037 |
_b20480, 15/01/2014, Hindi Madhyam Karyanvyan Nideshalye _cTextual |
||
| 040 |
_aCRL _cCRL _bhin |
||
| 041 |
_2hin _ahin |
||
| 082 | _aJ1, 152N3 | ||
| 100 | _aकीर्ति सिंह, संपा. | ||
| 245 | 0 | _aबागबानी | |
| 246 | _aBāgabānī | ||
| 260 |
_aदिल्ली _bविश्वविद्यालय हिन्दी माध्यम कार्यान्वय निदेशालय भारत _c1993 |
||
| 300 |
_a549पृ0 _ccm. |
||
| 650 | _aबागवानी | ||
| 942 |
_hJ1, 152N3 _cTEXL _2cc |
||
| 999 |
_c1013637 _d1013637 |
||